| 000 | 00478nam a22001937a 4500 | ||
|---|---|---|---|
| 003 | MPLRDC | ||
| 005 | 20220104143801.0 | ||
| 008 | 210129b ||||| |||| 00| 0 eng d | ||
| 020 | _a983-9768-31-X | ||
| 082 | _a868.71 ECHO-3 | ||
| 100 | _aECHO 许慧珊 | ||
| 245 |
_a无聊才结婚 _c |
||
| 250 | _a一版二刷 | ||
| 260 |
_a马来西亚 _b大将事业社 _c1999 |
||
| 300 | _b平 | ||
| 490 | _a大将FUSE. 04 | ||
| 650 | _a马华文学 | ||
| 942 |
_cBK _o868.71 ECHO-3 |
||
| 999 |
_c43309 _d43299 |
||